| 000 | 00591nam a22001937a 4500 | ||
|---|---|---|---|
| 005 | 20240912171149.0 | ||
| 010 | _aENG-140083 | ||
| 020 |
_c195.00 _a9788192074306 |
||
| 035 | _aEN-123615 | ||
| 037 | _bDBAD | ||
| 082 | _a153.8 | ||
| 100 |
_aJoshi, Shashikant _971607 |
||
| 245 |
_aAttitude Shift / _cby Shashikant Joshi |
||
| 250 | _a1 | ||
| 260 |
_aBangalore _bThinking Hearts _c2011 |
||
| 270 |
_bBangalore _aD-1403,Brigade Millennium J.P. Nagar,7th Phase ,Bangalore-560078 _e560078 |
||
| 300 |
_a136.p _c21cm(pbk) _bInclude Index |
||
| 942 |
_2ddc _cEN _h153.8 _mSHA |
||
| 999 |
_c202007 _d202007 |
||